Tilastot visalle Suomalaisia, joilla on P-alkuiset nimikirjaimet

Klikkaa tästä pelataksesi tätä visaa!

Yleistilastot

  • Tätä visaa on pelattu 138 kertaa
    (111 viimeisimmän päivityksen jälkeen)
  • Keskiarvotulos 11 / 19

Vastaustilastot

VihjeHenkilö% Oikein
PHSuomen ulkoministeri vuodesta 2019 alkaen. Vihreiden kaksinkertainen presidenttiehdokasPekka Haavisto
94%
PNKautta aikain menestynein suomalaisurheilija yhdeksällä olympiakullallaanPaavo Nurmi
90%
POSuomen valtiovarainministeri 2016-2019 ja Kokoomuksen puheenjohtajaPetteri Orpo
89%
PPMm. Pulttibois- ja Velipuolikuu-sketsisarjoista tunnettu koomikkoPirkka-Pekka Petelius
85%
PSSuomen tasavallan kolmas presidentti 1931-1937Pehr Evind Svinhufvud
74%
PFViikingit-sarjassakin nähty näyttelijäPeter Franzén
65%
PKSoudun kolminkertainen olympiavoittajaPertti Karppinen
61%
PUPainin olympiavoittaja vuodelta 1976Pertti Ukkola
61%
PTTyttö sinä olet tähti- ja Napapiirin sankarit-elokuvista tunnettu näyttelijätärPamela Tola
60%
PWPitkän linjan iskelmälaulaja, jonka hitteihin lukeutuvat "Rööperiin" ja "Elämältä kaiken sain"Pepe Willberg
60%
PJFingerpori-sarjakuvan piirtäjäPertti Jarla
56%
PMPikku pikku bikineistä laulanut vuoden 1958 Miss SuomiPirkko Mannola
55%
PLSuomen tunnetuin luonnonsuojelija ja ammattikalastajaPentti Linkola
50%
PGTiktak-yhtyeen solistina tutuksi tullut laulajaPetra Gargano
50%
PASurmasi 8 ihmistä Jokelan kouluammuskelussa 2007Pekka-Eric Auvinen
47%
PVAngry Birds-mobiilipelin kehittäjäPeter Vesterbacka
27%
PRKörttiläisliikkeen perustajana pidetty herännäisjohtajaPaavo Ruotsalainen
26%
PBSuomen arvostetuimpia elokuvakriitikoitaPeter von Bagh
13%
PCKaikkien aikojen tuotteliain suomentaja, jonka käännöksiin luetaan mm. Maamme-lauluPaavo Cajander
10%

Tulosjakauma

Persentiili vastausten määrän mukaan

Jokaisen tuloksen saaneiden osuus

Tuloshistoriasi

Et ole pelannut tätä visaa sen viimeisimmän päivityksen jälkeen